000 00328nam a22001337a 4500
008 170926b xxu||||| |||| 00| 0 eng d
020 _a2900131584166
041 _aeng
080 _25 ED
_a37
100 _a47
101 _aEDU
245 _aTEACHING WRITING BALACING PROCESS AND PRODUCT
_cTOPKINS.G.T
942 _2udc
_cBK
999 _c29997
_d29997